000 01958cam a2200181 4500500
005 20251228095145.0
041 _afre
042 _adc
100 1 0 _aMuhana, Adma
_eauthor
245 0 0 _aAmor, ira e vingança em ficções em prosa ibéricas do século XVII
260 _c2021.
500 _a3
520 _aIl s’agit de voir comment la vengeance se manifeste dans la littérature ibérique du xviie siècle, en relation avec les passions de l’amour et de son contraire, la colère. L’analyse est fondée sur un corpus composé des fictions en prose Os infortúnios trágicos da Constante Florinda (1625), de Gaspar Pires de Rebelo, et Los trabajos de Persiles y Sigismunda (1617), de Miguel de Cervantes, corpus dans lequel la dimension descriptive des passions l’emporte sur la dimension narrative des actions.
520 _aThis article seeks to identify how revenge is portrayed in 17th-century Iberian literature and how it relates to passions such as love and its opposite, wrath. The corpus chosen consists in the prose fictions Os infortúnios trágicos da Constante Florinda (1625) by Gaspar Pires de Rebelo and Los trabajos de Persiles y Sigismunda (1617) by Miguel de Cervantes – in these works, the description of those passions outdoes the narrative dimension of actions.
520 _aTrata-se de identificar como a “vingança” comparece nas letras ibéricas do século xvii, em sua relação com as paixões do amor e, o seu contrário, a ira. Escolhemos como corpus para a análise as ficções em prosa Os infortúnios trágicos da Constante Florinda (1625), de Gaspar Pires de Rebelo, e Los trabajos de Persiles y Sigismunda (1617), de Miguel de Cervantes, porque nelas a dimensão descritiva das paixões supera a dimensão narrativa das ações.
786 0 _nSigila | 48 | 2 | 2021-12-06 | p. 105-117 | 1286-1715
856 4 1 _uhttps://shs.cairn.info/revue-sigila-2021-2-page-105?lang=fr&redirect-ssocas=7080
999 _c1605738
_d1605738